Essentials of corporate finance / (Record no. 26815)
[ view plain ]
| 000 -LEADER | |
|---|---|
| fixed length control field | 01675cam a22004095a 4500 |
| 001 - CONTROL NUMBER | |
| control field | 14895725 |
| 003 - CONTROL NUMBER IDENTIFIER | |
| control field | EG-ScBUE |
| 005 - DATE AND TIME OF LATEST TRANSACTION | |
| control field | 20201010105148.0 |
| 008 - FIXED-LENGTH DATA ELEMENTS--GENERAL INFORMATION | |
| fixed length control field | 070619t2008 maua f bd 001 0 eng d |
| 020 ## - INTERNATIONAL STANDARD BOOK NUMBER | |
| International Standard Book Number | 9780071283403 |
| 020 ## - INTERNATIONAL STANDARD BOOK NUMBER | |
| International Standard Book Number | 0071283404 |
| 040 ## - CATALOGING SOURCE | |
| Original cataloging agency | DLC |
| Language of cataloging | eng |
| Description conventions | rda |
| Transcribing agency | DLC |
| Modifying agency | DLC |
| -- | EG-ScBUE |
| 082 04 - DEWEY DECIMAL CLASSIFICATION NUMBER | |
| Classification number | 658.15 |
| Item number | ROS |
| Edition number | 22 |
| 100 1# - MAIN ENTRY--PERSONAL NAME | |
| Personal name | Ross, Stephen A., |
| Relator term | author. |
| 245 10 - TITLE STATEMENT | |
| Title | Essentials of corporate finance / |
| Statement of responsibility, etc | Stephen A. Ross, Massachusetts Institute of Technology, Randolph W. Westerfield, University of Southern California, Bradford D. Jordan, University of Kentucky. |
| 250 ## - EDITION STATEMENT | |
| Edition statement | Sixth edition. |
| 250 ## - EDITION STATEMENT | |
| Edition statement | International student edition. |
| 264 #1 - PUBLICATION, DISTRIBUTION, ETC. (IMPRINT) | |
| Place of publication, distribution, etc | Boston : |
| Name of publisher, distributor, etc | McGraw-Hill, |
| Date of publication, distribution, etc | [2008] |
| 264 #4 - PUBLICATION, DISTRIBUTION, ETC. (IMPRINT) | |
| Date of publication, distribution, etc | c2008 |
| 300 ## - PHYSICAL DESCRIPTION | |
| Extent | xxxvi, 620 pages : |
| Other physical details | illustrations (some color) ; |
| Dimensions | 27 cm. |
| 336 ## - CONTENT TYPE | |
| Source | rdacontent |
| Content type term | text |
| Content type code | txt |
| 337 ## - MEDIA TYPE | |
| Source | rdamedia |
| Media type term | unmediated |
| Media type code | n |
| 338 ## - CARRIER TYPE | |
| Source | rdacarrier |
| Carrier type term | volume |
| Carrier type code | nc |
| 490 0# - SERIES STATEMENT | |
| Series statement | McGraw-Hill/Irwin series in finance, insurance, and real estate |
| 500 ## - GENERAL NOTE | |
| General note | Includes appendices. |
| 500 ## - GENERAL NOTE | |
| General note | Includes glossary. |
| 504 ## - BIBLIOGRAPHY, ETC. NOTE | |
| Bibliography, etc | Includes bibliographical references and index. |
| 650 #7 - SUBJECT ADDED ENTRY--TOPICAL TERM | |
| Topical term or geographic name as entry element | Corporations |
| General subdivision | Finance. |
| Source of heading or term | BUEsh |
| 653 ## - INDEX TERM--UNCONTROLLED | |
| Resource For college | BAEPS, Economics |
| Arrived date list | July2018 |
| 655 ## - INDEX TERM--GENRE/FORM | |
| Form subdivision | Reading book |
| 700 1# - ADDED ENTRY--PERSONAL NAME | |
| Personal name | Westerfield, Randolph, |
| Relator term | author. |
| 700 1# - ADDED ENTRY--PERSONAL NAME | |
| Personal name | Jordan, Bradford D., |
| Relator term | author. |
| 856 41 - ELECTRONIC LOCATION AND ACCESS | |
| Materials specified | Table of contents only |
| Uniform Resource Identifier | <a href="http://www.loc.gov/catdir/enhancements/fy0743/2007025532-t.html">http://www.loc.gov/catdir/enhancements/fy0743/2007025532-t.html</a> |
| 856 42 - ELECTRONIC LOCATION AND ACCESS | |
| Materials specified | Publisher description |
| Uniform Resource Identifier | <a href="http://www.loc.gov/catdir/enhancements/fy0743/2007025532-d.html">http://www.loc.gov/catdir/enhancements/fy0743/2007025532-d.html</a> |
| 856 42 - ELECTRONIC LOCATION AND ACCESS | |
| Materials specified | Contributor biographical information |
| Uniform Resource Identifier | <a href="http://www.loc.gov/catdir/enhancements/fy0743/2007025532-b.html">http://www.loc.gov/catdir/enhancements/fy0743/2007025532-b.html</a> |
| 942 ## - ADDED ENTRY ELEMENTS (KOHA) | |
| Source of classification or shelving scheme | Dewey Decimal Classification |
| Koha item type | Book - Borrowing |
| Withdrawn status | Lost status | Source of classification or shelving scheme | Damaged status | Not for loan | Collection code | Home library | Current library | Shelving location | Date acquired | Source of acquisition | Total Checkouts | Full call number | Barcode | Date last seen | Date checked out | Koha item type | Total Renewals | Price effective from |
|---|---|---|---|---|---|---|---|---|---|---|---|---|---|---|---|---|---|---|
| Dewey Decimal Classification | Baccah | Central Library | Central Library | First floor | 14/10/2009 | 29 | 658.15 ROS | 000018081 | 15/07/2025 | 06/01/2013 | NB - Book (Non borrowing) | |||||||
| Dewey Decimal Classification | Baccah | Central Library | Central Library | First floor | 04/11/2009 | 18 | 658.15 ROS | 000018831 | 15/07/2025 | 26/09/2018 | Book - Borrowing | 44 | 04/11/2009 | |||||
| Dewey Decimal Classification | Baccah | Central Library | Central Library | First floor | 04/11/2009 | 22 | 658.15 ROS | 000018832 | 15/07/2025 | 27/10/2019 | Book - Borrowing | 69 | ||||||
| Dewey Decimal Classification | Baccah | Central Library | Central Library | First floor | 30/09/2010 | 7 | 658.15 ROS | 000022287 | 15/07/2025 | 16/11/2020 | Book - Borrowing | 19 | 30/09/2010 | |||||
| Dewey Decimal Classification | Baccah | Central Library | Central Library | First floor | 30/09/2010 | 10 | 658.15 ROS | 000022288 | 15/07/2025 | 19/10/2017 | Book - Borrowing | 52 | 30/09/2010 | |||||
| Dewey Decimal Classification | Baccah | Central Library | Central Library | First floor | 30/09/2010 | 4 | 658.15 ROS | 000022281 | 15/07/2025 | 24/09/2017 | Book - Borrowing | 19 | 30/09/2010 | |||||
| Dewey Decimal Classification | Baccah | Central Library | Central Library | First floor | 21/10/2010 | 29 | 658.15 ROS | 000022426 | 15/07/2025 | 19/12/2023 | Book - Borrowing | 82 | ||||||
| Dewey Decimal Classification | Baccah | Central Library | Central Library | First floor | 21/10/2010 | 23 | 658.15 ROS | 000022428 | 15/07/2025 | 19/12/2023 | Book - Borrowing | 74 | 21/10/2010 | |||||
| Dewey Decimal Classification | Baccah | Central Library | Central Library | First floor | 21/10/2010 | 23 | 658.15 ROS | 000022427 | 15/07/2025 | 19/12/2023 | Book - Borrowing | 85 | 21/10/2010 | |||||
| Dewey Decimal Classification | Baccah | Central Library | Central Library | First floor | 17/07/2018 | Purchase | 1 | 658.15 ROS | 000043461 | 15/07/2025 | 18/10/2023 | Book - Borrowing | 12 | 17/07/2018 | ||||
| Dewey Decimal Classification | Baccah | Central Library | Central Library | First floor | 10/10/2020 | Purchase | 1 | 658.15 ROS | 000049939 | 15/07/2025 | 08/11/2020 | Book - Borrowing | 14 | 10/10/2020 |